[Event "Aleman Memorial"]
[Site "Havana"]
[Date "2018.??.??"]
[Round "5"]
[White "Penela Garcia, Jose"]
[Black "Corujedo Hernandez, Rafael"]
[Result "1/2-1/2"]
[WhiteElo "1895"]
[BlackElo "1872"]
[PlyCount "91"]
[EventDate "2018.02.02"]
[EventType "swiss"]
[EventRounds "7"]
[EventCountry "CUB"]
[SourceTitle "EXT 2021"]
[Source "ChessBase"]
[SourceDate "2020.10.23"]
[SourceVersion "1"]
[SourceVersionDate "2020.10.23"]
[SourceQuality "1"]

1. d4 Nf6 2. c4 e6 3. Nf3 b6 4. Nc3 Bb7 5. e3 Be7 6. Bd3 0-0 7. 0-0 d6 8. e4 Nbd7 9. Bg5 h6 10. Bf4 Nh5 11. Be3 Nhf6 12. h3 e5 13. d5 Nc5 14. Bc2 a5 15. Rc1 Ba6 16. b3 Nh7 17. Qd2 Ng5 18. Nxg5 Bxg5 19. f4 exf4 20. Bxf4 Bxf4 21. Rxf4 Qe7 22. Rcf1 Rae8 23. R1f3 Nd7 24. Rg3 Ne5 25. Ne2 Bc8 26. Nd4 Bd7 27. Nf5 Bxf5 28. exf5 Qf6 29. Re3 Nd7 30. Rfe4 Re5 31. Rxe5 Nxe5 32. Qe2 Re8 33. g4 Re7 34. Kg2 Kf8 35. Kg3 Nd7 36. Rxe7 Qxe7 37. Qxe7+ Kxe7 38. Kf4 f6 39. h4 Ne5 40. g5 hxg5+ 41. hxg5 Nf7 42. g6 Ne5 43. Ke4 Kd7 44. Kd4 Kd8 45. Be4 Nd7 46. a3 1/2-1/2